000 00629nam a2200253Ia 4500
003 OSt
005 20221005122610.0
006 a|||||r|||| 00| 0
007 ta
008 221004b |||||||| |||| 00| 0 eng d
024 _a53342
037 _cTextual
040 _aCRL
_cCRL
_beng
041 _2eng
_aeng
082 _aO111,2xN, 32J9
100 _aPillai G.Sankara
_9625373
245 0 _aKalithattu
260 _c1959
300 _a151p.
_ccm.
650 _a ENGLISH LITERATURE
650 _aENGLISH DRAMA
942 _hO111,2xN, 32J9
_cTEXL
_2cc
999 _c1044778
_d1044778